Papyrus : écrire dans l'Égypte antique /

محفوظ في:

المؤلف الرئيسي: Parkinson, Richard.

مؤلفون آخرون: Quirke, Stephen.

التنسيق: كتاب

اللغة: French

منشور في: Reillanne : Atelier Perrousseaux, 2010.
Arles : Centre de conservation du livre, 2010.

سلاسل: Kitab tabulae ; 6.

الموضوعات:

الوسوم: إضافة وسم

لا توجد وسوم, كن أول من يضع وسما على هذه التسجيلة!

رقم الطلب: TS1125 .P3715 2010

LEADER 00787nam a22002537a 4500
003 OSt
005 20251201071552.0
008 251201t2010 fr a fre d
020 |a 9782911220319 
040 |c ARCE Library 
050 1 4 |a TS1125  |b .P3715 2010 
100 1 |a Parkinson, Richard. 
245 1 0 |a Papyrus :   |b écrire dans l'Égypte antique /   |c Richard Parkinson, Stephen Quirke. 
264 1 |a Reillanne :   |b Atelier Perrousseaux,   |c 2010. 
264 1 |a Arles :   |b Centre de conservation du livre,   |c 2010. 
300 |a 131 p. :   |b ill. ;   |c 23 cm. 
490 0 |a Kitab tabulae ;   |v 6. 
650 0 |a Egyptian language -- Papyri. 
650 0 |a Papyrus (Feuille) 
650 0 |a Papyrus (Manuscrits) 
700 1 |a Quirke, Stephen. 
901 |a reviewed 
942 |2 lcc  |c BK 
999 |c 49312  |d 49312